[Event "Olimpiada Calviá 2004"]
[Site "Calviá ESP"]
[Date "2004.10.17"]
[Round "3.44"]
[White "Russell, M K A."]
[Black "Berend, Fred"]
[Result "0-1"]
[WhiteElo "2221"]
[BlackElo "2378"]
[PlyCount "112"]
[EventDate "2004.10.15"]
[EventType "team"]
[EventRounds "14"]
[EventCountry "ESP"]
[Source "lmi"]
[SourceDate "2004.10.27"]

1. e4 c5 2. Nf3 e6 3. d4 cxd4 4. Nxd4 Nc6 5. Nb5 d6 6. c4 Nf6 7. N1c3 a6 8. Na3
Be7 9. Be2 b6 10. O-O Bb7 11. Be3 Ne5 12. Qd4 Ned7 13. f3 O-O 14. Rfd1 Qc7 15.
Qd2 Rfe8 16. Bf1 Rac8 17. Qf2 d5 18. exd5 Bd6 19. Kh1 exd5 20. Nxd5 Bxd5 21.
cxd5 Bxh2 22. Bxa6 Qe5 23. Qh4 Bg3 24. Qg5 Ra8 25. Bb7 Rxa3 26. bxa3 Qxe3 27.
Qxe3 Rxe3 28. Rac1 g6 29. d6 Kf8 30. Rc8+ Re8 31. Rcc1 Rd8 32. Rc6 h5 33. Kg1
Rb8 34. Ba6 Ke8 35. Bb5 Kd8 36. Rc7 Rc8 37. Ra7 h4 38. Ba6 Rb8 39. Bc4 Ke8 40.
Bb5 Rd8 41. a4 Kf8 42. a5 bxa5 43. Rxa5 Nb6 44. Ra6 Bxd6 45. Kf1 Nh5 46. Rd3
Ng3+ 47. Ke1 Bb4+ 48. Kd1 Nd5 49. Kc2 Be7 50. Kb3 Nh5 51. a4 Nhf4 52. Rd2 Bb4
53. Rc2 Ne6 54. Rc4 Nc5+ 55. Rxc5 Bxc5 56. Kc4 Bg1 0-1

[Event "Olimpiada Calviá 2004"]
[Site "Calviá ESP"]
[Date "2004.10.17"]
[Round "3.44"]
[White "Bakalarz, Mieczyslaw"]
[Black "Dissanayake, P R."]
[Result "1-0"]
[WhiteElo "2389"]
[BlackElo "2112"]
[PlyCount "95"]
[EventDate "2004.10.15"]
[EventType "team"]
[EventRounds "14"]
[EventCountry "ESP"]
[Source "lmi"]
[SourceDate "2004.10.27"]

1. d4 Nf6 2. Nf3 g6 3. Bf4 Bg7 4. e3 O-O 5. h3 d6 6. Be2 c6 7. c4 Nbd7 8. Nc3
Re8 9. O-O Qc7 10. c5 Bf8 11. b4 e5 12. Bh2 exd4 13. exd4 Qd8 14. Qb3 d5 15.
Rfe1 Ne4 16. Nxe4 dxe4 17. Bc4 Qf6 18. Ne5 Nxe5 19. Bxe5 Qe7 20. Rxe4 Be6 21.
Rae1 Bxc4 22. Qxc4 Qd7 23. h4 Bg7 24. Bxg7 Kxg7 25. Qe2 Rxe4 26. Qxe4 Rd8 27.
Qe7 Kg8 28. Qf6 Re8 29. Rxe8+ Qxe8 30. Qe5 Qd8 31. g3 a5 32. a3 axb4 33. axb4
b6 34. Kg2 bxc5 35. bxc5 Qd7 36. Kf3 Qb7 37. h5 gxh5 38. Qg5+ Kh8 39. Qxh5 Qd7
40. Qe5+ Kg8 41. Kf4 Qb7 42. g4 Qb2 43. f3 Qh2+ 44. Kf5 Qh6 45. Qb8+ Kg7 46.
Qd6 Qd2 47. Qf6+ Kg8 48. Qg5+ 1-0

[Event "Olimpiada Calviá 2004"]
[Site "Calviá ESP"]
[Date "2004.10.17"]
[Round "3.44"]
[White "Wijesurija, G  Laxman"]
[Black "Brittner, Serge"]
[Result "1/2-1/2"]
[WhiteElo "2124"]
[BlackElo "2291"]
[PlyCount "112"]
[EventDate "2004.10.15"]
[EventType "team"]
[EventRounds "14"]
[EventCountry "ESP"]
[Source "lmi"]
[SourceDate "2004.10.27"]

1. d4 e6 2. Nf3 Nf6 3. Bg5 c5 4. e3 h6 5. Bxf6 Qxf6 6. Nbd2 Qd8 7. c3 Be7 8.
Bd3 cxd4 9. exd4 d6 10. O-O O-O 11. Qe2 Nd7 12. h3 Nf6 13. Nh2 Bd7 14. f4 Bc6
15. Ng4 Re8 16. Rae1 Bf8 17. Nxf6+ Qxf6 18. Bb5 Qf5 19. Bd3 Qa5 20. Nc4 Qc7 21.
Ne3 g6 22. Qg4 Bg7 23. Qh4 Qd8 24. Qf2 b5 25. g4 b4 26. f5 exf5 27. gxf5 Qg5+
28. Kh2 Be4 29. Bxe4 Rxe4 30. Nc4 Rxe1 31. Rxe1 d5 32. Ne5 Qxf5 33. Qxf5 gxf5
34. cxb4 Rb8 35. a3 Rc8 36. Re2 Rc1 37. b5 Rd1 38. Nc6 Bxd4 39. Nxd4 Rxd4 40.
Kg3 Kg7 41. Re7 Ra4 42. Rd7 Kf6 43. Rxd5 Ke6 44. Rc5 h5 45. Rc6+ Ke5 46. Ra6
h4+ 47. Kf3 Rf4+ 48. Kg2 Rd4 49. Rxa7 Rd2+ 50. Kf3 Rxb2 51. a4 Rb3+ 52. Ke2
Rxh3 53. b6 Rb3 54. a5 h3 55. Rxf7 h2 56. Rh7 Rb5 1/2-1/2

[Event "Olimpiada Calviá 2004"]
[Site "Calviá ESP"]
[Date "2004.10.17"]
[Round "3.44"]
[White "Wagener, Claude"]
[Black "Edirisinghe, Dulan"]
[Result "1/2-1/2"]
[WhiteElo "2242"]
[BlackElo "2175"]
[PlyCount "87"]
[EventDate "2004.10.15"]
[EventType "team"]
[EventRounds "14"]
[EventCountry "ESP"]
[Source "lmi"]
[SourceDate "2004.10.27"]

1. e4 d5 2. exd5 Nf6 3. Nf3 Nxd5 4. d4 g6 5. h3 Bg7 6. c4 Nb6 7. Nc3 O-O 8. Be3
Nc6 9. Qd2 e5 10. d5 Nd4 11. Nxd4 exd4 12. Bxd4 Qe7+ 13. Kd1 c6 14. Bxg7 Kxg7
15. Qd4+ f6 16. d6 Qe5 17. Qxe5 fxe5 18. c5 Nd7 19. Ne4 Nf6 20. Nxf6 Rxf6 21.
f3 b6 22. Rc1 bxc5 23. Rxc5 Rxd6+ 24. Kc1 Be6 25. Bc4 Bxc4 26. Rxc4 Rad8 27.
Re1 Kf6 28. Re2 Ke6 29. Kc2 Rd5 30. Rc3 Rd4 31. Rc5 R4d5 32. Rc4 Rd4 33. Kc3
R4d5 34. Rce4 g5 35. h4 h6 36. hxg5 hxg5 37. Ra4 R8d7 38. Ra6 Rd3+ 39. Kc2 R3d6
40. b4 Rb7 41. a3 Rbd7 42. Ra5 Rd5 43. Ra6 R5d6 44. Ra5 1/2-1/2

[Event "Olimpiada Calviá 2004"]
[Site "Calviá ESP"]
[Date "2004.10.17"]
[Round "3.45"]
[White "Mueller, Leonhard"]
[Black "Dive, Russell John"]
[Result "1-0"]
[WhiteElo "2213"]
[BlackElo "2334"]
[PlyCount "117"]
[EventDate "2004.10.15"]
[EventType "team"]
[EventRounds "14"]
[EventCountry "ESP"]
[Source "lmi"]
[SourceDate "2004.10.27"]

1. d4 Nf6 2. c4 e6 3. Nc3 Bb4 4. Qc2 O-O 5. a3 Bxc3+ 6. Qxc3 b6 7. Bg5 Bb7 8.
f3 c5 9. dxc5 bxc5 10. e3 h6 11. Bh4 Re8 12. O-O-O Qe7 13. Nh3 Nc6 14. Bxf6
gxf6 15. Nf4 Ne5 16. Nh5 d6 17. Qe1 Ng6 18. Qg3 Red8 19. Nf4 Kh7 20. Bd3 f5 21.
e4 Qg5 22. Qxg5 hxg5 23. Nxg6 Kxg6 24. h4 gxh4 25. exf5+ exf5 26. Rxh4 Rh8 27.
Rxh8 Rxh8 28. g4 Bxf3 29. Bxf5+ Kg5 30. Rxd6 Bxg4 31. Bxg4 Kxg4 32. Rf6 Rh1+
33. Kc2 Rh2+ 34. Kc3 Rh3+ 35. Kc2 Rf3 36. Rc6 f5 37. Rxc5 f4 38. Rc7 a5 39. c5
Re3 40. c6 Re2+ 41. Kd3 f3 42. Rg7+ Kh4 43. c7 Re8 44. b4 axb4 45. axb4 f2 46.
Rf7 Rc8 47. Ke2 Kg3 48. Rg7+ Kf4 49. Kxf2 Ke5 50. b5 Kd6 51. b6 Kc6 52. Rg6+
Kb7 53. Ke3 Rh8 54. Kd4 Rf8 55. Ke5 Ra8 56. Rd6 Ra5+ 57. Ke6 Rb5 58. Rd8 Rxb6+
59. Kd7 1-0

[Event "Olimpiada Calviá 2004"]
[Site "Calviá ESP"]
[Date "2004.10.17"]
[Round "3.45"]
[White "Wang, Puchen"]
[Black "Kirsten, Jorrit"]
[Result "1-0"]
[WhiteElo "2236"]
[BlackElo "2200"]
[PlyCount "33"]
[EventDate "2004.10.15"]
[EventType "team"]
[EventRounds "14"]
[EventCountry "ESP"]
[Source "lmi"]
[SourceDate "2004.10.27"]

1. d4 d5 2. Nf3 Nf6 3. e3 e6 4. Bd3 c5 5. c3 Nc6 6. Nbd2 b6 7. O-O Bd6 8. Qe2
O-O 9. e4 dxe4 10. Nxe4 Bb7 11. dxc5 Bxc5 12. Nxf6+ gxf6 13. Bh6 Re8 14. Rad1
Qc7 15. Qe4 f5 16. Qh4 Ne7 17. Qf6 1-0

[Event "Olimpiada Calviá 2004"]
[Site "Calviá ESP"]
[Date "2004.10.17"]
[Round "3.46"]
[White "Ahmed Abdul Sattar, Wahab"]
[Black "Prasca, Raphael"]
[Result "0-1"]
[WhiteElo "2270"]
[BlackElo "2396"]
[PlyCount "104"]
[EventDate "2004.10.15"]
[EventType "team"]
[EventRounds "14"]
[EventCountry "ESP"]
[Source "lmi"]
[SourceDate "2004.10.27"]

1. e4 e6 2. d4 d5 3. Nc3 Bb4 4. e5 c5 5. a3 Bxc3+ 6. bxc3 Qa5 7. Bd2 Qa4 8. Qb1
c4 9. Nf3 Nc6 10. h4 Bd7 11. h5 h6 12. g3 O-O-O 13. Bh3 Nge7 14. O-O Rdf8 15.
Re1 b6 16. Nh2 Nf5 17. Ng4 Kb7 18. Qc1 Rc8 19. Kg2 Nce7 20. Re2 Qa6 21. Nh2
Nxd4 22. cxd4 c3 23. Re3 cxd2 24. Qxd2 Ba4 25. c3 Nc6 26. Bg4 Na5 27. Be2 Bb5
28. Bxb5 Qxb5 29. a4 Qd7 30. Qc2 Rc4 31. Nf1 Rhc8 32. Qb2 Qc7 33. Rc1 Rxd4 34.
cxd4 Qxc1 35. Qxc1 Rxc1 36. Rf3 Rc7 37. Rf4 Nc4 38. Rg4 a5 39. Rxg7 b5 40. g4
bxa4 41. g5 hxg5 42. Rg8 a3 43. h6 a2 44. h7 a1=Q 45. h8=Q Qxd4 46. Rb8+ Ka6
47. Ra8+ Kb5 48. Qe8+ Rc6 49. Rc8 Nxe5 50. Rb8+ Ka4 51. Ne3 Qe4+ 52. Kf1 d4 0-1

[Event "Olimpiada Calviá 2004"]
[Site "Calviá ESP"]
[Date "2004.10.17"]
[Round "3.46"]
[White "Soto Paez, Oliver"]
[Black "Hussein, Noah A"]
[Result "0-1"]
[WhiteElo "2288"]
[BlackElo "2349"]
[PlyCount "140"]
[EventDate "2004.10.15"]
[EventType "team"]
[EventRounds "14"]
[EventCountry "ESP"]
[Source "lmi"]
[SourceDate "2004.10.27"]

1. e4 Nf6 2. e5 Nd5 3. d4 d6 4. c4 Nb6 5. exd6 exd6 6. Nf3 Be7 7. Bd3 Bg4 8.
Be3 Nc6 9. Nbd2 Bf6 10. h3 Bh5 11. Qb3 O-O 12. g4 Bg6 13. Bxg6 hxg6 14. g5 Be7
15. h4 d5 16. c5 Na5 17. Qc3 Nbc4 18. b4 Nxd2 19. Nxd2 Nc4 20. Nxc4 dxc4 21.
Qxc4 b5 22. Qb3 a5 23. bxa5 c6 24. Kf1 Qd7 25. Rd1 Rfd8 26. h5 gxh5 27. Rxh5
Qg4 28. Rh2 Rd5 29. Rg2 Qh5 30. g6 fxg6 31. Rd2 Rxa5 32. Qc2 Kf7 33. Qe4 Rxa2
34. Rh2 Ra1+ 35. Kg2 Qf5 36. f3 Ra8 37. Re2 Bf6 38. Bf2 Qd7 39. Rd2 Rg5+ 40.
Bg3 Re8 41. Qf4 Qd5 42. Qc7+ Re7 43. Qd6 Rf5 44. Qxd5+ Rxd5 45. Bf2 Red7 46.
Rh8 Rxc5 47. Re2 Bxd4 48. Ree8 g5 49. Rhf8+ Kg6 50. Re6+ Kh7 51. Bg3 Bf6 52.
Rc8 b4 53. Rb8 Rb5 54. Rxb5 cxb5 55. Re3 Rd2+ 56. Kh3 Kg6 57. Be5 Kf5 58. Bxf6
gxf6 59. Re4 b3 60. Rb4 b2 61. Kg3 Ke5 62. f4+ gxf4+ 63. Kf3 Kd5 64. Rxb5+ Kc4
65. Rb8 Rd3+ 66. Ke4 Re3+ 67. Kxf4 Rb3 68. Rc8+ Kd3 69. Rd8+ Ke2 70. Re8+ Kf2
0-1

[Event "Olimpiada Calviá 2004"]
[Site "Calviá ESP"]
[Date "2004.10.17"]
[Round "3.46"]
[White "Jalal, Adil  Ali"]
[Black "Blanco, Cristobal J"]
[Result "0-1"]
[WhiteElo "2270"]
[BlackElo "2269"]
[PlyCount "146"]
[EventDate "2004.10.15"]
[EventType "team"]
[EventRounds "14"]
[EventCountry "ESP"]
[Source "lmi"]
[SourceDate "2004.10.27"]

1. e4 c5 2. Nf3 Nc6 3. Bb5 g6 4. O-O Bg7 5. Re1 e5 6. a3 Nge7 7. b4 d6 8. c3
O-O 9. Bc4 a6 10. bxc5 dxc5 11. a4 Rb8 12. d3 b5 13. axb5 axb5 14. Bb3 Qd6 15.
Be3 h6 16. Qe2 Kh7 17. Bc2 Be6 18. Nbd2 b4 19. c4 Nd4 20. Bxd4 cxd4 21. Ra2 Ra8
22. Rea1 Ra3 23. Nb1 Rxa2 24. Rxa2 Qb6 25. Nbd2 Nc6 26. Nb3 f5 27. Nfd2 Rf7 28.
Qe1 Ra7 29. Qa1 Bf8 30. Rxa7+ Qxa7 31. Qxa7+ Nxa7 32. g3 Nc6 33. Kg2 Kg7 34. f4
Bd6 35. fxe5 Bxe5 36. Nc5 Bc8 37. Ba4 Na5 38. Bd1 Bd6 39. Ncb3 Nxb3 40. Bxb3
Kf6 41. Ba4 Bb7 42. Kf2 f4 43. g4 Bc8 44. Bd1 Bd7 45. h3 Be7 46. Nf3 g5 47. Kg2
Bc5 48. Nd2 Ke5 49. Kf2 Bb6 50. Kg2 Kd6 51. Kf2 Bd8 52. Kg2 Bf6 53. Bc2 Kc5 54.
Bd1 b3 55. Nxb3+ Kb4 56. e5 Bxe5 57. Nc1 Kc3 58. Bf3 Kc2 59. Ne2 Kxd3 60. c5
Kc4 61. c6 Be8 62. Kf2 d3 63. Ng1 Bd4+ 64. Kf1 Bb6 65. h4 Kc5 66. hxg5 hxg5 67.
Nh3 d2 68. Bd1 Bxc6 69. Nxg5 Kd4 70. Nh3 f3 71. Nf2 Bb5+ 72. Kg1 Be2 73. Ba4
Ke3 0-1

[Event "Olimpiada Calviá 2004"]
[Site "Calviá ESP"]
[Date "2004.10.17"]
[Round "3.47"]
[White "Isaev, Jamshed"]
[Black "Cruz, Filemon"]
[Result "1-0"]
[WhiteElo "2424"]
[BlackElo "2367"]
[PlyCount "53"]
[EventDate "2004.10.15"]
[EventType "team"]
[EventRounds "14"]
[EventCountry "ESP"]
[Source "lmi"]
[SourceDate "2004.10.27"]

1. e4 c5 2. Nf3 e6 3. d4 cxd4 4. Nxd4 a6 5. Nc3 Qc7 6. Be3 Nf6 7. Bd3 b5 8. f4
d6 9. Qf3 Nbd7 10. O-O Bb7 11. a3 Be7 12. Rae1 O-O 13. g4 Nc5 14. g5 Nfd7 15.
Qh3 Rfe8 16. f5 Bf8 17. Rf4 exf5 18. Rh4 h6 19. exf5 Nxd3 20. cxd3 Ne5 21. gxh6
g6 22. Ne4 Nxd3 23. Nf6+ Kh8 24. Nxe8 Rxe8 25. Rf1 Qc4 26. fxg6 fxg6 27. Qd7
1-0

[Event "Olimpiada Calviá 2004"]
[Site "Calviá ESP"]
[Date "2004.10.17"]
[Round "3.47"]
[White "Pacheco, Marco"]
[Black "Khouseinov, Rashid"]
[Result "1-0"]
[WhiteElo "2320"]
[BlackElo "2343"]
[PlyCount "115"]
[EventDate "2004.10.15"]
[EventType "team"]
[EventRounds "14"]
[EventCountry "ESP"]
[Source "lmi"]
[SourceDate "2004.10.27"]

1. d4 Nf6 2. c4 d6 3. Nf3 Nbd7 4. Nc3 c6 5. e4 e5 6. Be2 Be7 7. O-O O-O 8. Be3
Qc7 9. d5 c5 10. Nd2 Re8 11. a3 Nf8 12. b4 b6 13. Re1 Ng6 14. g3 Qd7 15. Rb1
Bd8 16. f3 h5 17. bxc5 bxc5 18. Qa4 Qxa4 19. Nxa4 h4 20. Nc3 hxg3 21. hxg3 a6
22. Na4 Nd7 23. Bf1 Ba5 24. Rb3 Ngf8 25. Reb1 Ra7 26. Bh3 g6 27. Kg2 Kg7 28.
R3b2 Bc7 29. Nb3 Nh7 30. Bd2 Rf8 31. Nc1 f5 32. Nd3 Bd8 33. exf5 gxf5 34. f4 e4
35. Bc3+ Kg6 36. Ne1 Nhf6 37. Nc2 e3 38. Nxe3 Ne4 39. Be1 Ndf6 40. Rb8 Bd7 41.
Nb6 Ng4 42. Bxg4 fxg4 43. Nxd7 Rxd7 44. Nxg4 Rff7 45. Rc8 Kh5 46. Ne3 Bf6 47.
Kf3 Bd4 48. g4+ Kg6 49. Nf5 Nf6 50. Bh4 Rb7 51. Rxb7 Rxb7 52. Bxf6 Rb3+ 53. Ke4
Bxf6 54. Nxd6 Rxa3 55. Rxc5 Ra1 56. Rc6 Bh8 57. Nf5+ Kh7 58. g5 1-0

[Event "Olimpiada Calviá 2004"]
[Site "Calviá ESP"]
[Date "2004.10.17"]
[Round "3.48"]
[White "Medina Colindres, Javier"]
[Black "Zambrana, Osvaldo"]
[Result "0-1"]
[WhiteElo "2213"]
[BlackElo "2473"]
[PlyCount "60"]
[EventDate "2004.10.15"]
[EventType "team"]
[EventRounds "14"]
[EventCountry "ESP"]
[Source "lmi"]
[SourceDate "2004.10.27"]

1. d4 d5 2. Nc3 Nf6 3. Bg5 Nbd7 4. e3 g6 5. Be2 Bg7 6. h4 h6 7. Bf4 c6 8. Nf3
O-O 9. Ne5 Re8 10. g4 Ne4 11. Qd3 Qa5 12. Kf1 Nxe5 13. Bxe5 f6 14. Bh2 f5 15.
f3 Rf8 16. Kg2 Nd6 17. Be5 Be6 18. Bxg7 Kxg7 19. h5 Rf6 20. Raf1 Raf8 21. a3
fxg4 22. fxg4 Ne4 23. Bf3 Ng5 24. Bd1 gxh5 25. Rxf6 Rxf6 26. Rxh5 Bf7 27. Rh2
Bg6 28. Qe2 Be4+ 29. Nxe4 Nxe4 30. Kg1 Ng3 0-1

[Event "Olimpiada Calviá 2004"]
[Site "Calviá ESP"]
[Date "2004.10.17"]
[Round "3.48"]
[White "Cueto, Jhonny"]
[Black "Urbina, Ricardo"]
[Result "1-0"]
[WhiteElo "2306"]
[BlackElo "2247"]
[PlyCount "81"]
[EventDate "2004.10.15"]
[EventType "team"]
[EventRounds "14"]
[EventCountry "ESP"]
[Source "lmi"]
[SourceDate "2004.10.27"]

1. e4 c5 2. Nf3 Nc6 3. d4 cxd4 4. Nxd4 g6 5. Nc3 Bg7 6. Be3 Nf6 7. Bc4 O-O 8.
f3 Qb6 9. a3 Ng4 10. fxg4 Bxd4 11. Nd5 Qc5 12. Bxd4 Nxd4 13. Bd3 Nc6 14. c3 Qd6
15. O-O Qe5 16. Qe1 d6 17. Qh4 Be6 18. Nxe7+ Nxe7 19. Qxe7 Bxg4 20. Qxe5 dxe5
21. Bc4 Rac8 22. Bd5 Rc7 23. Rf6 Rd7 24. Rf2 Re7 25. c4 Kg7 26. b4 Rd8 27. h3
Be6 28. Rc1 Rc7 29. Rfc2 Bc8 30. g4 f5 31. gxf5 gxf5 32. Kh2 f4 33. Rg1+ Kf6
34. Rcg2 Be6 35. Rg5 f3 36. R5g3 Bxd5 37. Rxf3+ Ke7 38. Rg7+ Ke8 39. Rxc7 Bxe4
40. Re3 Rd4 41. Rc5 1-0

[Event "Olimpiada Calviá 2004"]
[Site "Calviá ESP"]
[Date "2004.10.17"]
[Round "3.49"]
[White "Njobvu, Ignatius"]
[Black "Ateka, Nathan"]
[Result "1/2-1/2"]
[WhiteElo "2201"]
[BlackElo "2138"]
[PlyCount "116"]
[EventDate "2004.10.15"]
[EventType "team"]
[EventRounds "14"]
[EventCountry "ESP"]
[Source "lmi"]
[SourceDate "2004.10.27"]

1. d4 Nf6 2. c4 g6 3. Nc3 Bg7 4. Nf3 O-O 5. g3 d6 6. Bg2 Nbd7 7. O-O e5 8. Qc2
Re8 9. Rd1 c6 10. e3 exd4 11. Nxd4 Qc7 12. b3 Nc5 13. Ba3 Bg4 14. f3 Bd7 15. e4
Rad8 16. Qd2 Bc8 17. Bb2 a6 18. Rac1 Qb6 19. Kh1 d5 20. cxd5 cxd5 21. exd5 Nxd5
22. Nxd5 Rxd5 23. f4 Rdd8 24. Qc2 Bg4 25. Rd2 Ne4 26. Bxe4 Bxd4 27. Bg2 Bxb2
28. Rxd8 Qxd8 29. Qxb2 Re2 30. Qc3 Qb6 31. Rc2 Qf2 32. Rxe2 Qxe2 33. h3 Be6 34.
a3 Qd1+ 35. Kh2 Bd5 36. Qc8+ Kg7 37. Qc3+ Kg8 38. Qc8+ Kg7 39. Qd7 Bxb3 40.
Qxd1 Bxd1 41. Bxb7 a5 42. Kg2 Kf6 43. Kf2 Ke6 44. Ke3 Kd6 45. Kd4 Bb3 46. Ba6
f6 47. Bd3 Bf7 48. Bc4 Be8 49. h4 h6 50. Bg8 Ba4 51. Bh7 Be8 52. Bg8 Ba4 53.
Bf7 g5 54. fxg5 fxg5 55. hxg5 hxg5 56. Bc4 Bc6 57. Be2 Bd5 58. Bd3 Bf3 1/2-1/2

[Event "Olimpiada Calviá 2004"]
[Site "Calviá ESP"]
[Date "2004.10.17"]
[Round "3.50"]
[White "Ermenkov, Evgenij"]
[Black "Phillips, Roy"]
[Result "1-0"]
[WhiteElo "2454"]
[BlackElo "2229"]
[PlyCount "87"]
[EventDate "2004.10.15"]
[EventType "team"]
[EventRounds "14"]
[EventCountry "ESP"]
[Source "lmi"]
[SourceDate "2004.10.27"]

1. c4 c5 2. Nc3 Nc6 3. g3 g6 4. Nh3 Bg7 5. Nf4 d6 6. Bg2 e6 7. b3 Nge7 8. Bb2
Rb8 9. d3 O-O 10. Qd2 b6 11. h4 h6 12. O-O-O a6 13. Kb1 b5 14. Ne4 Ne5 15. cxb5
Rxb5 16. Rc1 N7c6 17. e3 Nb4 18. d4 cxd4 19. exd4 Ng4 20. Rxc8 Qxc8 21. Nxd6
Qd7 22. Nxb5 Qxb5 23. Rc1 Rd8 24. a3 Nd5 25. Nxd5 exd5 26. b4 Bf8 27. Bf1 Qb7
28. Qe2 Nf6 29. Qxa6 Qe7 30. f3 h5 31. Qe2 Qd7 32. b5 Re8 33. Qc2 Bh6 34. Rd1
Rc8 35. Qb3 Qd6 36. f4 Ne4 37. a4 Qb6 38. Qxd5 Nc3+ 39. Bxc3 Rxc3 40. Bc4 Qc7
41. Bb3 Rxg3 42. b6 Qxf4 43. b7 Bg7 44. Qxf7+ 1-0

[Event "Olimpiada Calviá 2004"]
[Site "Calviá ESP"]
[Date "2004.10.17"]
[Round "3.50"]
[White "Li Ying, Patrick"]
[Black "Moussa, Alaa-Eddine"]
[Result "0-1"]
[WhiteElo "2200"]
[BlackElo "2188"]
[PlyCount "64"]
[EventDate "2004.10.15"]
[EventType "team"]
[EventRounds "14"]
[EventCountry "ESP"]
[Source "lmi"]
[SourceDate "2004.10.27"]

1. c4 Nf6 2. Nc3 e6 3. Nf3 Bb4 4. g3 O-O 5. Bg2 c5 6. O-O Nc6 7. Qc2 d5 8. cxd5
exd5 9. a3 Ba5 10. d3 Bg4 11. e3 Qd7 12. Na4 b6 13. d4 Bf5 14. Qd1 c4 15. b4
cxb3 16. Qxb3 Rac8 17. Bb2 Ne4 18. Rfc1 Rfd8 19. Qd1 Bg4 20. Nc3 Bxc3 21. Bxc3
Qf5 22. Be1 Qh5 23. Qa4 Bxf3 24. Bxf3 Qxf3 25. Rxc6 h5 26. h4 g5 27. hxg5 Nxg5
28. Rxc8 Rxc8 29. Qd7 Qg4 30. Qxd5 h4 31. Qd6 Rc2 32. Qf4 Nh3+ 0-1

[Event "Olimpiada Calviá 2004"]
[Site "Calviá ESP"]
[Date "2004.10.17"]
[Round "3.50"]
[White "Kayle, Charles"]
[Black "Chinasamy, Devarajen"]
[Result "1/2-1/2"]
[WhiteElo "2036"]
[BlackElo "2200"]
[PlyCount "29"]
[EventDate "2004.10.15"]
[EventType "team"]
[EventRounds "14"]
[EventCountry "ESP"]
[Source "lmi"]
[SourceDate "2004.10.27"]

1. d4 e6 2. c4 f5 3. g3 Nf6 4. Bg2 Be7 5. Nc3 O-O 6. Nf3 d6 7. O-O a5 8. b3 Ne4
9. Bb2 Nxc3 10. Bxc3 Bf6 11. Qc2 Nc6 12. Rad1 Qe8 13. a3 e5 14. dxe5 dxe5 15.
e4 1/2-1/2

[Event "Olimpiada Calviá 2004"]
[Site "Calviá ESP"]
[Date "2004.10.17"]
[Round "3.51"]
[White "Matthews, Shane"]
[Black "Dominguez, Jose M"]
[Result "1-0"]
[WhiteElo "2251"]
[BlackElo "2353"]
[PlyCount "85"]
[EventDate "2004.10.15"]
[EventType "team"]
[EventRounds "14"]
[EventCountry "ESP"]
[Source "lmi"]
[SourceDate "2004.10.27"]

1. e4 e5 2. Nf3 Nc6 3. Bb5 g6 4. c3 d6 5. O-O Bg7 6. d4 Bd7 7. Re1 Nge7 8. Bg5
h6 9. Bh4 g5 10. Bg3 O-O 11. d5 Nb8 12. Bxd7 Nxd7 13. Nbd2 Ng6 14. Nc4 Nf6 15.
Nfd2 h5 16. f3 h4 17. Bf2 Nh5 18. Ne3 Nhf4 19. Nf5 Ne7 20. Nxe7+ Qxe7 21. Nc4
f5 22. Ne3 fxe4 23. fxe4 Qf7 24. Nf5 Nxd5 25. Qxd5 Qxd5 26. Ne7+ Kf7 27. Nxd5
c6 28. Ne3 Ke6 29. Rad1 Rf7 30. Rd2 Bf8 31. c4 a6 32. g3 h3 33. Red1 b5 34. c5
dxc5 35. Nf5 Rc7 36. Rd8 Rcc8 37. R8d7 c4 38. Be3 g4 39. Kf1 Kf6 40. Bb6 Re8
41. Bd8+ Ke6 42. Ng7+ Bxg7 43. R1d6# 1-0

[Event "Olimpiada Calviá 2004"]
[Site "Calviá ESP"]
[Date "2004.10.17"]
[Round "3.51"]
[White "Alvarado, Nelson"]
[Black "Rowe, Duane"]
[Result "1-0"]
[WhiteElo "2290"]
[BlackElo "2197"]
[PlyCount "66"]
[EventDate "2004.10.15"]
[EventType "team"]
[EventRounds "14"]
[EventCountry "ESP"]
[Source "lmi"]
[SourceDate "2004.10.27"]

1. e4 e5 2. Nf3 Nc6 3. Bb5 a6 4. Ba4 Nf6 5. O-O Be7 6. Qe2 b5 7. Bb3 d6 8. c3
Bg4 9. h3 Bh5 10. a4 Na5 11. Bc2 c6 12. d4 Qb8 13. Nbd2 Nd7 14. axb5 axb5 15.
b4 Nb7 16. Rxa8 Qxa8 17. d5 Nd8 18. Bd3 cxd5 19. Bxb5 dxe4 20. Bxd7+ Kxd7 21.
Nxe5+ Ke6 22. Qxh5 Qd5 23. Nxe4 Qxe5 24. Qe2 f5 25. Qc4+ d5 26. Qc8+ Kf7 27.
Ng5+ Kg6 28. Nf3 Qe6 29. Qc7 Bd6 30. Qa7 Re8 31. Qd4 Nc6 32. Qh4 h6 33. Bf4
Bxf4 1-0

[Event "Olimpiada Calviá 2004"]
[Site "Calviá ESP"]
[Date "2004.10.17"]
[Round "3.51"]
[White "Porter, Russel"]
[Black "Puntier, William"]
[Result "0-1"]
[WhiteElo "2176"]
[BlackElo "2255"]
[PlyCount "73"]
[EventDate "2004.10.15"]
[EventType "team"]
[EventRounds "14"]
[EventCountry "ESP"]
[Source "lmi"]
[SourceDate "2004.10.27"]

1. c4 f5 2. Nc3 Nf6 3. Nf3 g6 4. g3 Bg7 5. Bg2 O-O 6. O-O d6 7. d3 e5 8. Rb1
Nc6 9. b4 h6 10. b5 Ne7 11. Qb3 Kh7 12. Bb2 g5 13. c5 Ng6 14. cxd6 cxd6 15.
Rbc1 Re8 16. Nd2 Be6 17. Qd1 d5 18. Na4 Qa5 19. Nc5 Qxb5 20. Nxe6 Rxe6 21. Nb3
Ra6 22. Rc5 Qd7 23. Qa1 Re8 24. Rfc1 Qa4 25. Rc7 b6 26. Qb1 Qxa2 27. Qc2 Qa4
28. Ra1 Qb5 29. Rxa6 Qxa6 30. Qc6 Re7 31. Rxe7 Nxe7 32. Qe6 Qb7 33. Bxe5 Kg6
34. g4 fxg4 35. Bd6 Nf5 36. e4 Nxd6 37. Qxd6 0-1

[Event "Olimpiada Calviá 2004"]
[Site "Calviá ESP"]
[Date "2004.10.17"]
[Round "3.51"]
[White "Hernandez, Elvis"]
[Black "Lorne, Malaku"]
[Result "1/2-1/2"]
[WhiteElo "2307"]
[BlackElo "2110"]
[PlyCount "126"]
[EventDate "2004.10.15"]
[EventType "team"]
[EventRounds "14"]
[EventCountry "ESP"]
[Source "lmi"]
[SourceDate "2004.10.27"]

1. e4 c6 2. d4 d5 3. exd5 cxd5 4. c4 Nf6 5. Nc3 e6 6. Nf3 Nc6 7. c5 b6 8. Bb5
Bd7 9. Bxc6 Bxc6 10. Ne5 Qc8 11. b4 bxc5 12. dxc5 Rb8 13. Qd4 Nd7 14. Bf4 Rb7
15. Nxc6 Qxc6 16. O-O f6 17. Rfe1 Kf7 18. Rad1 a5 19. a3 Nxc5 20. bxc5 Bxc5 21.
Qd2 Bxa3 22. Nxd5 exd5 23. Qa2 Qc4 24. Qxa3 Qxf4 25. Qxa5 Rhb8 26. Qxd5+ Kg6
27. Qd3+ Qf5 28. Re4 Rb4 29. Rde1 Rxe4 30. Rxe4 Qb5 31. Rc4+ Kf7 32. Rc7+ Kg8
33. Qd1 Re8 34. h3 Qe5 35. Qd7 f5 36. f4 Qa1+ 37. Kh2 Rf8 38. Qe6+ Kh8 39. Rc8
Qa3 40. Qxf5 Rg8 41. Qe6 Rf8 42. Qa6 Qe7 43. Qa8 Kg8 44. Rxf8+ Qxf8 45. Qxf8+
Kxf8 46. Kg3 Kf7 47. Kf3 Kf6 48. Ke4 Ke6 49. g4 g6 50. g5 Kd6 51. f5 gxf5+ 52.
Kxf5 Ke7 53. h4 Kf7 54. h5 Kf8 55. Kf6 Kg8 56. Kf5 Kf8 57. Ke6 Kg7 58. Kf5 Kf8
59. Kf6 Kg8 60. Ke7 Kg7 61. Ke6 Kf8 62. Kf6 Kg8 63. Kf5 Kf8 1/2-1/2

[Event "Olimpiada Calviá 2004"]
[Site "Calviá ESP"]
[Date "2004.10.17"]
[Round "3.52"]
[White "Denny, Kevin"]
[Black "Kovacova, Zuzana"]
[Result "1-0"]
[WhiteElo "2334"]
[BlackElo "2039"]
[PlyCount "39"]
[EventDate "2004.10.15"]
[EventType "team"]
[EventRounds "14"]
[EventCountry "ESP"]
[Source "lmi"]
[SourceDate "2004.10.27"]

1. e4 e5 2. Nf3 Nc6 3. Bb5 a6 4. Bxc6 dxc6 5. O-O Bd6 6. d4 exd4 7. Qxd4 f6 8.
Be3 Be6 9. Nbd2 c5 10. Qc3 b6 11. Nc4 b5 12. Nxd6+ cxd6 13. Rfd1 Qb6 14. b4 Rc8
15. Rd2 Ne7 16. Rad1 Rc6 17. Bf4 Nc8 18. bxc5 Rxc5 19. Qe3 Qc7 20. Rxd6 1-0